000 01269nam a22003737a 4500
001 146
003 FISKH
005 20230301102808.0
008 230301b cb ||||| |||| 00| 0 eng d
010 _a 2011284665
020 _a9780545299817 (pbk.)
020 _a0545299810 (pbk.)
035 _a(OCoLC)ocn690088177
040 _aBTCTA
_beng
_cBTCTA
_dMLY
_dSINLB
_dLEO
_dHSA
_dJAG
_dUPZ
_dEHH
_dDLC
_dFISKH
042 _alccopycat
050 0 0 _aPZ7.P7493
_bCl 2011
082 0 4 _a813.6
_223
100 1 _aPoblocki, Dan.
245 1 0 _aClocks and robbers /
_cDan Poblocki.
260 _aNew York
_bScholastic
_c2011
300 _a186 p.
_c20 cm.
490 1 _aThe mysterious four ;
_v#2
505 _aM
520 _aReaders are challenged to unravel the clues along with Viola, Sylvester, Rosie, and Woodrow, who are in pursuit of a treasure hinted at by the Masonic glyphs decorating Moon Hollow's town library.
521 1 _a730
_bLexile
521 _aM
_bRaz-Plus
650 0 _aParanormal fiction.
650 0 _aSecret societies
_vJuvenile fiction.
650 1 _aSupernatural
_vFiction.
650 1 _aSecret societies
_vFiction
800 1 _aPoblocki, Dan.
_tMysterious four ;
_v#2.
906 _a7
_bcbc
_ccopycat
_d2
_encip
_f20
_gy-gencatlg
942 _2ddc
_cBK
_n0
999 _c146
_d146